[Event "27th Klatovy B 2019"]
[Site "Klatovy CZE"]
[Date "2019.06.30"]
[Round "2.36"]
[White "Leseticky, Vladimir"]
[Black "Roubal, Matyas"]
[Result "1/2-1/2"]
[WhiteElo "1631"]
[BlackElo "1019"]
[PlyCount "63"]
[EventDate "2019.06.29"]
[EventType "swiss"]
[EventRounds "9"]
[EventCountry "CZE"]

1. e4 e5 2. Nf3 Nc6 3. Bc4 Nf6 4. Nc3 Nxe4 5. Bxf7+ Kxf7 6. Nxe4 d5 7. Ng3 e4 8. Ng1 Bc5 9. Nh3 Rf8 10. O-O Kg8 11. Qh5 Qf6 12. Qxd5+ Kh8 13. Qxc5 Bxh3 14. Nxe4 Qg6 15. Ng3 Bf5 16. d3 Rad8 17. Be3 h5 18. Ne4 b6 19. Qc3 Bxe4 20. dxe4 Qxe4 21. Rad1 Qg6 22. Bd4 Nxd4 23. Rxd4 Rxd4 24. Qxd4 Qxc2 25. h4 Re8 26. Qd7 Re2 27. Qd5 a5 28. Qxh5+ Kg8 29. Qd5+ Kh7 30. Qh5+ Kg8 31. Qd5+ Kh7 32. Qh5+ 1/2-1/2

[Event "27th Klatovy B 2019"]
[Site "Klatovy CZE"]
[Date "2019.06.30"]
[Round "2.37"]
[White "Kubat, Zbynek"]
[Black "Valdman, Jakub"]
[Result "1-0"]
[WhiteElo "1612"]
[BlackElo "1191"]
[PlyCount "35"]
[EventDate "2019.06.29"]
[EventType "swiss"]
[EventRounds "9"]
[EventCountry "CZE"]

1. e4 e5 2. Nf3 Nc6 3. Bc4 d6 4. d4 Bg4 5. h3 Bh5 6. c3 Nf6 7. Bg5 Be7 8. Bxf6 Bxf6 9. d5 Ne7 10. g4 Bg6 11. g5 Bxe4 12. gxf6 gxf6 13. Rg1 Qd7 14. Nbd2 Bxd5 15. Bxd5 Nxd5 16. Ne4 Qf5 17. Qxd5 Qxf3 18. Nxd6+ 1-0

[Event "27th Klatovy B 2019"]
[Site "Klatovy CZE"]
[Date "2019.06.30"]
[Round "2.38"]
[White "Flajsman, Zdenek"]
[Black "Privoznik, Lubos"]
[Result "1/2-1/2"]
[WhiteElo "1503"]
[BlackElo "1610"]
[PlyCount "34"]
[EventDate "2019.06.29"]
[EventType "swiss"]
[EventRounds "9"]
[EventCountry "CZE"]

1. e4 e6 2. d4 d5 3. e5 c5 4. c3 Nc6 5. Nf3 Qb6 6. a3 Bd7 7. Be2 cxd4 8. cxd4 Nge7 9. Nc3 Nf5 10. Na4 Qd8 11. Be3 Nxe3 12. fxe3 Be7 13. O-O O-O 14. b4 b6 15. Ba6 Bc8 16. Bb5 Bd7 17. Ba6 Bc8 1/2-1/2

[Event "27th Klatovy B 2019"]
[Site "Klatovy CZE"]
[Date "2019.06.30"]
[Round "2.39"]
[White "Zimovcak, Zdenek"]
[Black "Popov, Roman4"]
[Result "0-1"]
[WhiteElo "1600"]
[BlackElo "1239"]
[PlyCount "100"]
[EventDate "2019.06.29"]
[EventType "swiss"]
[EventRounds "9"]
[EventCountry "CZE"]

1. d4 Nf6 2. Bg5 c5 3. Nc3 e6 4. e4 Be7 5. e5 Ne4 6. Bxe7 Nxc3 7. Bxd8 Nxd1 8. Rxd1 Kxd8 9. dxc5 Nc6 10. Nf3 b6 11. cxb6 axb6 12. a3 Ra5 13. Be2 Nxe5 14. O-O Bb7 15. Nd4 Ke7 16. Rfe1 f6 17. Nb3 Ra4 18. Bb5 Rg4 19. Rxe5 Rxg2+ 20. Kf1 fxe5 21. Rxd7+ Kf6 22. Rxb7 Rxh2 23. Kg1 Rh5 24. Rxb6 Rd8 25. Be2 Rg5+ 26. Kf1 h5 27. Rb4 Rh8 28. Rh4 g6 29. Nc5 Ke7 30. Ne4 Rf5 31. Bd3 g5 32. Rh1 g4 33. Rh4 Rf4 34. b3 Rf3 35. Ke2 Rh3 36. Rxh3 gxh3 37. Ng3 h2 38. Be4 h4 39. Nf1 Kf6 40. Nxh2 Kg5 41. Ke3 Rc8 42. Kf3 Rc3+ 43. Kg2 h3+ 44. Kf1 Kf4 45. f3 Kg3 46. Kg1 Rc8 47. Nf1+ Kh4 48. Ne3 Rd8 49. Bd3 Kg3 50. Ng4 e4 0-1

[Event "27th Klatovy B 2019"]
[Site "Klatovy CZE"]
[Date "2019.06.30"]
[Round "2.40"]
[White "Kalab, Jaromir"]
[Black "Konig, Vlastislav 1957"]
[Result "1-0"]
[WhiteElo "1577"]
[BlackElo "1630"]
[PlyCount "27"]
[EventDate "2019.06.29"]
[EventType "swiss"]
[EventRounds "9"]
[EventCountry "CZE"]

1. e4 e5 2. Nf3 Nc6 3. Bc4 Nf6 4. d3 Be7 5. c3 d6 6. Be3 O-O 7. O-O h6 8. Nbd2 Nh7 9. b4 Bg5 10. Nxg5 Nxg5 11. Qh5 Ne6 12. g3 Qf6 13. f4 Qg6 14. Qxg6 1-0

[Event "27th Klatovy B 2019"]
[Site "Klatovy CZE"]
[Date "2019.06.30"]
[Round "2.41"]
[White "Kalista, Karel"]
[Black "Langmajerova, Jana"]
[Result "1-0"]
[WhiteElo "1736"]
[BlackElo "1336"]
[PlyCount "43"]
[EventDate "2019.06.29"]
[EventType "swiss"]
[EventRounds "9"]
[EventCountry "CZE"]

1. Nf3 d5 2. d4 Nf6 3. c4 e6 4. Nc3 c5 5. cxd5 Nxd5 6. e4 Nxc3 7. bxc3 cxd4 8. cxd4 Nc6 9. a3 Bd6 10. Be2 O-O 11. O-O h6 12. Bb2 b6 13. d5 exd5 14. exd5 Ne7 15. Qd4 f6 16. Rac1 Kh8 17. Rfd1 Bb7 18. Bc4 Rc8 19. Qe4 f5 20. Qh4 Ng6 21. Qxh6+ Kg8 22. Qxg7# 1-0

[Event "27th Klatovy B 2019"]
[Site "Klatovy CZE"]
[Date "2019.06.30"]
[Round "2.42"]
[White "Pozar, Pavel"]
[Black "Vavrousek, Petr"]
[Result "0-1"]
[WhiteElo "1329"]
[BlackElo "1686"]
[PlyCount "70"]
[EventDate "2019.06.29"]
[EventType "swiss"]
[EventRounds "9"]
[EventCountry "CZE"]

1. e4 d5 2. exd5 Qxd5 3. Nc3 Qd8 4. Nf3 g6 5. Bc4 Bg7 6. Ng5 Nh6 7. d3 O-O 8. Nf3 Nf5 9. Qe2 Nc6 10. Be3 Nfd4 11. Bxd4 Nxd4 12. Nxd4 Bxd4 13. O-O c6 14. Qf3 Bd7 15. Ne4 b5 16. Bb3 Bxb2 17. Rab1 Bg7 18. Rfe1 a5 19. a4 b4 20. Ng5 Be8 21. Re4 h6 22. Nh3 Kh7 23. Qe3 e5 24. f4 f5 25. Rc4 exf4 26. Nxf4 Bf7 27. Rxc6 Bd4 28. Bxf7 Bxe3+ 29. Kf1 Bxf4 30. Bxg6+ Kh8 31. Bh5 Rf6 32. Rc4 Bd2 33. g4 fxg4+ 34. Ke2 Bg5 35. Rxg4 Qb6 0-1

[Event "27th Klatovy B 2019"]
[Site "Klatovy CZE"]
[Date "2019.06.30"]
[Round "2.43"]
[White "Skutil, Frantisek"]
[Black "Dobsa, Emma"]
[Result "1-0"]
[WhiteElo "1681"]
[BlackElo "1325"]
[PlyCount "47"]
[EventDate "2019.06.29"]
[EventType "swiss"]
[EventRounds "9"]
[EventCountry "CZE"]

1. d4 d5 2. Nc3 Nf6 3. Bf4 c5 4. e3 e6 5. Nb5 Na6 6. a4 c4 7. c3 Be7 8. Nf3 O-O 9. Be2 Bd7 10. Na3 Nb8 11. Ne5 Qb6 12. Qc2 Qa5 13. Nxd7 Nbxd7 14. f3 a6 15. g4 b5 16. Nb1 Rfc8 17. h4 Nb6 18. Kf2 Nxa4 19. h5 b4 20. Qxa4 Qb6 21. cxb4 Bxb4 22. Nc3 Bxc3 23. bxc3 Rc6 24. Rab1 1-0

[Event "27th Klatovy B 2019"]
[Site "Klatovy CZE"]
[Date "2019.06.30"]
[Round "2.44"]
[White "Filip, Petr 1952"]
[Black "Day, Tobias"]
[Result "0-1"]
[WhiteElo "1324"]
[BlackElo "1680"]
[PlyCount "68"]
[EventDate "2019.06.29"]
[EventType "swiss"]
[EventRounds "9"]
[EventCountry "CZE"]

1. e4 c5 2. f4 g6 3. Nf3 Bg7 4. Bc4 e6 5. O-O Ne7 6. d4 cxd4 7. Nxd4 O-O 8. f5 exf5 9. exf5 Qb6 10. Be3 Qb4 11. Bb3 Bxd4 12. Bxd4 Nxf5 13. c3 Qe7 14. Rxf5 gxf5 15. Nd2 Nc6 16. Bf2 b6 17. Qf3 Qg5 18. Qd5 Rb8 19. Ne4 Qg6 20. Ng3 Bb7 21. Nxf5 Rbe8 22. Nh4 Qg7 23. Nf5 Qg5 24. Bh4 Qg6 25. Bg3 Ne5 26. Qxb7 Qxf5 27. Rf1 Qg6 28. Qxa7 h5 29. Qc7 Ng4 30. Bd6 Ne3 31. Bg3 Nxf1 32. Kxf1 Qb1+ 33. Kf2 Qe1+ 34. Kf3 Qe3# 0-1

[Event "27th Klatovy B 2019"]
[Site "Klatovy CZE"]
[Date "2019.06.30"]
[Round "2.45"]
[White "Kratochvil, Milos 1976"]
[Black "Havelkova, Beata"]
[Result "0-1"]
[WhiteElo "1528"]
[BlackElo "1316"]
[PlyCount "136"]
[EventDate "2019.06.29"]
[EventType "swiss"]
[EventRounds "9"]
[EventCountry "CZE"]

1. e4 c5 2. Nf3 d6 3. d4 cxd4 4. Nxd4 Nf6 5. Nc3 g6 6. g3 Bg7 7. Bg2 Nc6 8. Nde2 O-O 9. O-O Be6 10. h3 Qd7 11. Nf4 Bc4 12. Re1 Rfc8 13. Rb1 Ne8 14. Bd2 Rab8 15. b3 Ba6 16. Ncd5 e6 17. Ne3 b5 18. Ng4 Bb7 19. Nd3 Nc7 20. Qf3 Qe7 21. h4 Nd4 22. Qd1 Ne8 23. c3 Nc6 24. Nf4 Ne5 25. Nh3 h5 26. Nxe5 Bxe5 27. f4 Bxc3 28. Bxc3 Rxc3 29. Kh2 Nf6 30. Nf2 Rbc8 31. g4 Nxg4+ 32. Nxg4 hxg4 33. Qxg4 Rc2 34. h5 Qf6 35. hxg6 Qxg6 36. Qxg6+ fxg6 37. Kg1 Rxa2 38. Bh3 Kf7 39. f5 gxf5 40. exf5 Rg8+ 41. Kf1 exf5 42. Rec1 Bg2+ 43. Bxg2 Rgxg2 44. Ra1 Raf2+ 45. Ke1 Re2+ 46. Kf1 Ke6 47. Rxa7 f4 48. Raa1 f3 49. Re1 Rxe1+ 50. Rxe1+ Kf5 51. Re8 d5 52. Rf8+ Ke4 53. Re8+ Kd3 54. Rf8 Ke3 55. Re8+ Kd2 56. Rf8 Ke3 57. Re8+ Kd3 58. Rf8 Rg3 59. Kf2 Rh3 60. Rb8 Ke4 61. Re8+ Kd4 62. Rc8 b4 63. Rc7 Kd3 64. Rc8 Rh2+ 65. Kxf3 Rb2 66. Rc7 Rxb3 67. Kf2 Rb1 68. Re7 d4 0-1

[Event "27th Klatovy B 2019"]
[Site "Klatovy CZE"]
[Date "2019.06.30"]
[Round "2.46"]
[White "Devera, Filip"]
[Black "Day, Timothy"]
[Result "0-1"]
[WhiteElo "1253"]
[BlackElo "1527"]
[PlyCount "58"]
[EventDate "2019.06.29"]
[EventType "swiss"]
[EventRounds "9"]
[EventCountry "CZE"]

1. e4 e5 2. Nf3 Nc6 3. Bc4 Nf6 4. d4 exd4 5. O-O d6 6. Nxd4 Be7 7. Nc3 O-O 8. Bf4 Nxe4 9. Nxe4 d5 10. Bxd5 Qxd5 11. Nxc6 Qxc6 12. Re1 Bf5 13. Nc3 Rad8 14. Qf3 Qxf3 15. gxf3 Bf6 16. Ne4 Bd4 17. Bxc7 Rc8 18. Bd6 Rfd8 19. Be7 Rd7 20. Nd6 Rxc2 21. Bh4 Be6 22. Nb5 Bb6 23. Rac1 Rdd2 24. Rxc2 Rxc2 25. Rd1 Bh3 26. Nxa7 g5 27. Bg3 Bxa7 28. Rd8+ Kg7 29. Be5+ f6 0-1

[Event "27th Klatovy B 2019"]
[Site "Klatovy CZE"]
[Date "2019.06.30"]
[Round "2.47"]
[White "Levinsky, Ladislav"]
[Black "Skopkova, Marcela"]
[Result "0-1"]
[WhiteElo "1515"]
[BlackElo "1263"]
[PlyCount "156"]
[EventDate "2019.06.29"]
[EventType "swiss"]
[EventRounds "9"]
[EventCountry "CZE"]

1. Nf3 d5 2. d4 Nf6 3. Bf4 g6 4. e3 Bg7 5. c4 Bg4 6. h3 Bxf3 7. Qxf3 c6 8. Bd3 dxc4 9. Bxc4 e6 10. Nd2 Nbd7 11. Bg5 Qa5 12. Bh4 Qh5 13. Bg3 Qxf3 14. gxf3 Rc8 15. Bd6 Bf8 16. Bxf8 Nxf8 17. Nb3 b6 18. a4 N8d7 19. Rc1 O-O 20. O-O Kg7 21. Kh2 Rfd8 22. Ba6 Rc7 23. Rc2 Nb8 24. Be2 Nd5 25. Rfc1 Nb4 26. Rc4 a5 27. f4 f5 28. Bf3 Nd5 29. Kg3 Kf6 30. Nd2 Nb4 31. h4 h5 32. Be2 c5 33. Nf3 Nd7 34. Ne5 Nxe5 35. fxe5+ Ke7 36. Kf4 Rcd7 37. Rg1 Kf7 38. dxc5 Rd2 39. Bf3 bxc5 40. Kg3 Rxb2 41. Rxc5 Rdd2 42. Rxa5 Rxf2 43. Ra7+ Kf8 44. Rb7 Nd3 45. Rxb2 Rxb2 46. Rd1 Nxe5 47. Kf4 Nxf3 48. Kxf3 Rb4 49. Rd4 Rb6 50. Kf4 Kf7 51. Kg5 e5 52. Rc4 Rb7 53. a5 Ra7 54. Rc5 e4 55. Rb5 Kg7 56. Kf4 Kh6 57. Ke5 Kg7 58. Rd5 Ra6 59. Kd4 Kf6 60. Kc4 g5 61. hxg5+ Kxg5 62. Kb5 Ra8 63. a6 h4 64. Kb6 h3 65. a7 Kg4 66. Kb7 Rxa7+ 67. Kxa7 h2 68. Rd1 Kf3 69. Kb6 Kxe3 70. Rh1 f4 71. Rxh2 f3 72. Ra2 f2 73. Ra1 Kf3 74. Kc5 e3 75. Ra8 e2 76. Rf8+ Ke3 77. Re8+ Kd2 78. Rd8+ Ke1 0-1

[Event "27th Klatovy B 2019"]
[Site "Klatovy CZE"]
[Date "2019.06.30"]
[Round "2.48"]
[White "Skalicky, Jindrich"]
[Black "Novak, Rudolf"]
[Result "0-1"]
[WhiteElo "1201"]
[BlackElo "1499"]
[PlyCount "62"]
[EventDate "2019.06.29"]
[EventType "swiss"]
[EventRounds "9"]
[EventCountry "CZE"]

1. e4 c5 2. Nf3 d6 3. d4 cxd4 4. Nxd4 Nf6 5. Nc3 e6 6. Be2 Be7 7. O-O O-O 8. Be3 Nc6 9. Nxc6 bxc6 10. Rb1 Bb7 11. f3 d5 12. exd5 exd5 13. Bf2 c5 14. Kh1 d4 15. Na4 Qd7 16. b3 Bc6 17. Nb2 Nd5 18. Qe1 Nc3 19. Ra1 Bg5 20. Bg3 Rfe8 21. Rf2 Qe6 22. f4 Nxe2 23. Rxe2 Qxe2 24. Qxe2 Rxe2 25. fxg5 Rxg2 26. h4 Rxg3+ 27. Kh2 Rg2+ 28. Kh3 Rxc2 29. Nc4 Re8 30. Rf1 Bb5 31. Nd6 Re3+ 0-1

[Event "27th Klatovy B 2019"]
[Site "Klatovy CZE"]
[Date "2019.06.30"]
[Round "2.49"]
[White "Stastny, Simon"]
[Black "Bukvaj, Martin"]
[Result "1/2-1/2"]
[WhiteElo "1474"]
[BlackElo "1220"]
[PlyCount "120"]
[EventDate "2019.06.29"]
[EventType "swiss"]
[EventRounds "9"]
[EventCountry "CZE"]

1. e4 e5 2. Nf3 Nc6 3. d4 exd4 4. Nxd4 Bc5 5. Be3 Qf6 6. c3 Qg6 7. Nb5 Bd6 8. Nxd6+ cxd6 9. f3 Nf6 10. Qxd6 Nh5 11. Qxg6 hxg6 12. Nd2 O-O 13. Nb3 Re8 14. Nd4 b6 15. Bd3 Bb7 16. g4 Nf6 17. Nxc6 Bxc6 18. O-O-O d5 19. e5 Rxe5 20. Bd4 Ree8 21. Rhf1 Rad8 22. h4 Nd7 23. b4 Ne5 24. Bxe5 Rxe5 25. f4 Re3 26. Rfe1 Rde8 27. Kd2 Rh3 28. h5 gxh5 29. gxh5 Rxh5 30. b5 Bd7 31. Rxe8+ Bxe8 32. Re1 Kf8 33. f5 f6 34. Re6 Rh2+ 35. Re2 Rxe2+ 36. Kxe2 Ke7 37. Ke3 Kd6 38. Kd4 Bh5 39. a3 Be8 40. c4 dxc4 41. Kxc4 Ke5 42. a4 Bd7 43. Bc2 Bxf5 44. Bxf5 Kxf5 45. Kd5 g5 46. Kc6 g4 47. Kb7 g3 48. Kxa7 g2 49. Kxb6 g1=Q+ 50. Ka6 Qc5 51. b6 Qb4 52. a5 Ke5 53. b7 Qd6+ 54. Ka7 Qc7 55. a6 f5 56. Ka8 f4 57. b8=Q Qxb8+ 58. Kxb8 f3 59. a7 f2 60. a8=Q f1=Q 1/2-1/2

[Event "27th Klatovy B 2019"]
[Site "Klatovy CZE"]
[Date "2019.06.30"]
[Round "2.50"]
[White "Vavrinkova, Marie"]
[Black "Novy, Jan"]
[Result "1-0"]
[WhiteElo "1185"]
[BlackElo "1473"]
[PlyCount "95"]
[EventDate "2019.06.29"]
[EventType "swiss"]
[EventRounds "9"]
[EventCountry "CZE"]

1. e4 d5 2. exd5 Nf6 3. Nf3 e6 4. dxe6 Bxe6 5. d4 c5 6. Bb5+ Nbd7 7. Bg5 Be7 8. dxc5 O-O 9. O-O Bxc5 10. Bxd7 Qxd7 11. Bxf6 Qxd1 12. Rxd1 gxf6 13. Nc3 Rad8 14. Ne4 Be7 15. Nd4 Bg4 16. f3 Bc8 17. c3 Rd7 18. Re1 Rd5 19. Rad1 Rfd8 20. Ng3 Bd6 21. Nge2 b5 22. Kh1 Bc5 23. Rc1 a6 24. Nb3 Be3 25. Rb1 Bf5 26. Ra1 Bd3 27. Ned4 Bf2 28. Red1 Bc4 29. Rdc1 a5 30. Nxa5 Bxd4 31. cxd4 R5d6 32. Nb7 Rxd4 33. Nxd8 Rxd8 34. b3 Be2 35. Kg1 Rd2 36. a4 b4 37. a5 Rd6 38. Rc8+ Kg7 39. Rb8 Ba6 40. Rxb4 Rd7 41. Rb6 Ra7 42. b4 f5 43. b5 Bc8 44. Rc6 Bd7 45. b6 Ra8 46. Rc7 Bb5 47. b7 Rb8 48. a6 1-0

[Event "27th Klatovy B 2019"]
[Site "Klatovy CZE"]
[Date "2019.06.30"]
[Round "2.51"]
[White "Matejicek, Vojtech"]
[Black "Skutil, Frantisek Elias"]
[Result "1-0"]
[WhiteElo "1472"]
[BlackElo "1106"]
[PlyCount "89"]
[EventDate "2019.06.29"]
[EventType "swiss"]
[EventRounds "9"]
[EventCountry "CZE"]

1. d4 Nf6 2. Nf3 g6 3. e3 Bg7 4. Bd3 O-O 5. Nbd2 b6 6. Qe2 Bb7 7. e4 e6 8. e5 Nd5 9. Ne4 d6 10. Bg5 Qd7 11. c4 Ne7 12. Nf6+ Bxf6 13. Bxf6 Qd8 14. Qe3 Nd7 15. Qh6 Nf5 16. Bxf5 Nxf6 17. exf6 Qxf6 18. Ng5 Qh8 19. Bh3 Rad8 20. O-O d5 21. Nxe6 fxe6 22. Bxe6+ Rf7 23. Bxf7+ Kxf7 24. Qf4+ Qf6 25. Qxc7+ Qe7 26. Qxe7+ Kxe7 27. Rfe1+ Kf6 28. Rac1 dxc4 29. Rxc4 Bd5 30. Rc7 Bxa2 31. Rxa7 Bg8 32. Rb7 Rd6 33. Rc7 h5 34. Rec1 Bd5 35. h3 Be4 36. f3 Bd5 37. Kf2 h4 38. Rh7 g5 39. Rh6+ Ke7 40. Rxd6 Kxd6 41. Re1 Bb3 42. Re5 Bg8 43. Rxg5 Bf7 44. Rg4 Be8 45. Rxh4 1-0

[Event "27th Klatovy B 2019"]
[Site "Klatovy CZE"]
[Date "2019.06.30"]
[Round "2.52"]
[White "Stross, Frantisek 1952"]
[Black "Berkovec, Jakub"]
[Result "1-0"]
[WhiteElo "1458"]
[BlackElo "1060"]
[PlyCount "75"]
[EventDate "2019.06.29"]
[EventType "swiss"]
[EventRounds "9"]
[EventCountry "CZE"]

1. e4 c5 2. Nf3 d6 3. Bc4 Nf6 4. Nc3 g6 5. d3 e6 6. O-O Bg7 7. e5 dxe5 8. Nxe5 O-O 9. Bg5 Qc7 10. Qe2 Nc6 11. Bf4 Nd4 12. Qd2 Qe7 13. Bg5 Qc7 14. f4 b6 15. Bh4 Bb7 16. Ne2 Qd6 17. c3 Nc6 18. d4 Nxe5 19. fxe5 Qc6 20. Nf4 Ne4 21. Qe2 Rac8 22. d5 exd5 23. Bxd5 Qc7 24. Qxe4 Bxd5 25. Nxd5 Qxe5 26. Qxe5 Bxe5 27. Ne7+ Kg7 28. Nxc8 Rxc8 29. Rf3 Rc6 30. Raf1 f5 31. Rd3 Rc7 32. Rfd1 Kh6 33. Rd7 Rxd7 34. Rxd7 a5 35. Rb7 Kh5 36. Bf2 Kh6 37. Rxb6 Kh5 38. Bxc5 1-0

[Event "27th Klatovy B 2019"]
[Site "Klatovy CZE"]
[Date "2019.06.30"]
[Round "2.53"]
[White "Sobr, Vaclav"]
[Black "Jedlicka, Pavel"]
[Result "1-0"]
[WhiteElo "1498"]
[BlackElo "1445"]
[PlyCount "93"]
[EventDate "2019.06.29"]
[EventType "swiss"]
[EventRounds "9"]
[EventCountry "CZE"]

1. e4 c6 2. Nf3 d6 3. d4 Nd7 4. Bc4 Ngf6 5. e5 dxe5 6. dxe5 Nd5 7. O-O e6 8. a4 Ne7 9. b4 Ng6 10. Bb2 Bxb4 11. Qe2 Ba5 12. Rd1 Qb6 13. Bd4 Qc7 14. Ra3 c5 15. Bb2 Bb4 16. Re3 Nb6 17. Bb5+ Nd7 18. Nc3 a6 19. Bc4 Nf4 20. Qf1 Bxc3 21. Bxc3 O-O 22. g3 Ng6 23. Qe2 Qc6 24. Bb3 Nb6 25. Rd6 Nxa4 26. Rxc6 Nxc3 27. Rxc3 bxc6 28. Rxc5 a5 29. Qc4 Ba6 30. Qe4 Rfb8 31. Rxa5 Bd3 32. Rxa8 Bxe4 33. Rxb8+ Nf8 34. Nd4 g5 35. Rc8 Kg7 36. Nxc6 Nd7 37. f4 gxf4 38. gxf4 Nf8 39. Ne7 h5 40. h4 f6 41. exf6+ Kxf6 42. Rxf8+ Kxe7 43. Rh8 Bg6 44. Rh6 Kf6 45. Rxg6+ Kxg6 46. Bxe6 Kf6 47. f5 1-0

[Event "27th Klatovy B 2019"]
[Site "Klatovy CZE"]
[Date "2019.06.30"]
[Round "2.54"]
[White "Veverka, Vladimir"]
[Black "Kasik, Denis"]
[Result "1-0"]
[WhiteElo "1439"]
[BlackElo "1208"]
[PlyCount "117"]
[EventDate "2019.06.29"]
[EventType "swiss"]
[EventRounds "9"]
[EventCountry "CZE"]

1. d4 d5 2. c4 Nf6 3. Nc3 e6 4. Bg5 Bb4 5. e3 h6 6. Bxf6 Qxf6 7. a3 Bxc3+ 8. bxc3 c5 9. Qc2 cxd4 10. cxd4 O-O 11. Nf3 Nc6 12. Be2 Rd8 13. O-O e5 14. dxe5 Nxe5 15. cxd5 Bg4 16. Nxe5 Bxe2 17. Qxe2 Qxe5 18. Qb5 Qxd5 19. Qxd5 Rxd5 20. Rfb1 b6 21. Kf1 Rd2 22. Ke1 Rc2 23. Rc1 Rac8 24. Kd1 Rxc1+ 25. Rxc1 Rxc1+ 26. Kxc1 Kf8 27. Kc2 Ke7 28. Kc3 Kd6 29. Kc4 a6 30. a4 Kc6 31. e4 Kd6 32. f4 f6 33. g3 g5 34. Kb4 Ke6 35. Kc4 h5 36. Kd4 gxf4 37. gxf4 b5 38. axb5 axb5 39. Kc5 f5 40. e5 b4 41. Kxb4 Kd5 42. Kc3 Ke6 43. Kd4 Ke7 44. Kd5 Kd7 45. e6+ Ke7 46. Ke5 Ke8 47. Kxf5 Ke7 48. Ke5 Ke8 49. f5 Ke7 50. f6+ Ke8 51. f7+ Ke7 52. h4 Kf8 53. Kf5 Ke7 54. Kg5 Kf8 55. Kxh5 Kg7 56. Kg5 Kf8 57. Kg6 Ke7 58. h5 Kf8 59. e7+ 1-0

[Event "27th Klatovy B 2019"]
[Site "Klatovy CZE"]
[Date "2019.06.30"]
[Round "2.55"]
[White "Nechvatalova, Eva"]
[Black "Dolejs, Jakub"]
[Result "0-1"]
[WhiteElo "1134"]
[BlackElo "1434"]
[PlyCount "60"]
[EventDate "2019.06.29"]
[EventType "swiss"]
[EventRounds "9"]
[EventCountry "CZE"]

1. e4 e6 2. d4 d5 3. exd5 exd5 4. Nc3 Bb4 5. Bd3 Nf6 6. Nge2 O-O 7. Bg5 c6 8. Qd2 Bg4 9. f3 Bh5 10. O-O-O Nbd7 11. g4 Bg6 12. Ng3 Qa5 13. Kb1 Bxd3 14. Qxd3 Bxc3 15. Qxc3 Qxc3 16. bxc3 b5 17. Kb2 Rfb8 18. a3 a5 19. Kb3 c5 20. Bxf6 c4+ 21. Ka2 Nxf6 22. Rb1 b4 23. Ne2 Re8 24. Ng3 Re3 25. Rhf1 Rxc3 26. Rbc1 Rxa3+ 27. Kb2 Rb8 28. c3 Rb3+ 29. Ka1 bxc3 30. Ne2 Ra3# 0-1

[Event "27th Klatovy B 2019"]
[Site "Klatovy CZE"]
[Date "2019.06.30"]
[Round "2.56"]
[White "Sykora, Vaclav"]
[Black "Bukvaj, Jan"]
[Result "0-1"]
[WhiteElo "1422"]
[BlackElo "1158"]
[PlyCount "66"]
[EventDate "2019.06.29"]
[EventType "swiss"]
[EventRounds "9"]
[EventCountry "CZE"]

1. c4 e5 2. Nc3 Nc6 3. g3 g6 4. Bg2 Bg7 5. e4 Nge7 6. Nge2 d6 7. O-O Be6 8. d3 Qd7 9. Rb1 h5 10. h4 Bh3 11. b4 Bf6 12. Kh2 Bxg2 13. Kxg2 Qg4 14. f3 Qd7 15. b5 Nd4 16. Nxd4 exd4 17. Nd5 Nxd5 18. exd5 O-O-O 19. a4 Rde8 20. a5 Re7 21. b6 cxb6 22. axb6 axb6 23. Rxb6 Rhe8 24. Bf4 Re2+ 25. Rf2 Rxf2+ 26. Kxf2 Qh3 27. Qf1 Qh2+ 28. Qg2 Re2+ 29. Kxe2 Qxg2+ 30. Ke1 Qxf3 31. Rxd6 Be7 32. Rb6 Qxd3 33. Rb4 Bxb4+ 0-1

[Event "27th Klatovy B 2019"]
[Site "Klatovy CZE"]
[Date "2019.06.30"]
[Round "2.57"]
[White "Denk, Lukas"]
[Black "Barta, David"]
[Result "0-1"]
[WhiteElo "1092"]
[BlackElo "1411"]
[PlyCount "132"]
[EventDate "2019.06.29"]
[EventType "swiss"]
[EventRounds "9"]
[EventCountry "CZE"]

1. d4 e6 2. e4 d5 3. Nc3 dxe4 4. f3 exf3 5. Nxf3 Nf6 6. Bc4 Bb4 7. Bd2 b6 8. a3 Bd6 9. Nb5 Bb7 10. Ne5 Nbd7 11. Nxd6+ cxd6 12. Nxd7 Qxd7 13. a4 O-O 14. Bb5 Bc6 15. Bxc6 Qxc6 16. Qe2 Qxc2 17. O-O Qe4 18. Qf2 Ng4 19. Qf4 Qxf4 20. Rxf4 Nf6 21. Rf3 Rac8 22. Rg3 Ne4 23. Rd3 Nxd2 24. Rxd2 Rc7 25. Kf2 Rfc8 26. Ke3 Rc2 27. b3 R8c3+ 28. Ke2 Rxd2+ 29. Kxd2 Rxb3 30. Rc1 h6 31. Rc8+ Kh7 32. Kc2 Rb4 33. Rc7 Rxa4 34. Rxf7 Ra2+ 35. Kd3 Rxg2 36. Rxa7 Rxh2 37. Ra6 Rb2 38. Kc3 Rb5 39. Kc4 Rb1 40. Ra7 d5+ 41. Kd3 Rb3+ 42. Kc2 Rf3 43. Ra6 Kg6 44. Rxb6 Kf5 45. Kd2 g5 46. Ke2 Ra3 47. Rb8 Ke4 48. Rh8 Ra2+ 49. Kd1 Kd3 50. Kc1 Rh2 51. Re8 Kxd4 52. Rxe6 Kd3 53. Kb1 d4 54. Ra6 Rh1+ 55. Kb2 Kd2 56. Rf6 d3 57. Rf2+ Ke1 58. Rf6 Rh2+ 59. Kc3 d2 60. Re6+ Re2 61. Rxh6 Re3+ 62. Kd4 Rf3 63. Ke4 d1=Q 64. Rh1+ Rf1 65. Rxf1+ Kxf1 66. Ke3 Qg4 0-1

[Event "27th Klatovy B 2019"]
[Site "Klatovy CZE"]
[Date "2019.06.30"]
[Round "2.58"]
[White "Malimanek, Marek"]
[Black "Batek, Simon"]
[Result "1-0"]
[WhiteElo "1408"]
[BlackElo "1100"]
[PlyCount "43"]
[EventDate "2019.06.29"]
[EventType "swiss"]
[EventRounds "9"]
[EventCountry "CZE"]

1. e4 e5 2. Nf3 Nc6 3. Bc4 Nf6 4. Ng5 Nxe4 5. Nxf7 Qh4 6. O-O d5 7. Bxd5 Bg4 8. Qe1 Bc5 9. Qxe4 Ne7 10. Nxh8 Rd8 11. Bf7+ Kf8 12. c3 Nc6 13. h3 Rd6 14. Qxg4 Rh6 15. Qc8+ Nd8 16. d4 Be7 17. Bxh6 gxh6 18. Qf5 Kg7 19. Qxe5+ Bf6 20. Qe8 Nxf7 21. Qxf7+ Kxh8 22. Qf8# 1-0

[Event "27th Klatovy B 2019"]
[Site "Klatovy CZE"]
[Date "2019.06.30"]
[Round "2.59"]
[White "Hejda, Ondrej"]
[Black "Bican, Vojtech"]
[Result "1-0"]
[WhiteElo "1403"]
[BlackElo "1078"]
[PlyCount "69"]
[EventDate "2019.06.29"]
[EventType "swiss"]
[EventRounds "9"]
[EventCountry "CZE"]

1. e4 e5 2. f4 Bc5 3. Nf3 d6 4. Nc3 Nc6 5. Bc4 Nf6 6. fxe5 dxe5 7. Na4 Bd6 8. O-O Bg4 9. Bb5 O-O 10. Bxc6 bxc6 11. d3 Qd7 12. Bg5 Be7 13. Qe1 c5 14. Nc3 c4 15. Nxe5 Qd4+ 16. Qf2 Qxe5 17. Bh4 cxd3 18. Bg3 Qc5 19. cxd3 Qxf2+ 20. Bxf2 Rab8 21. b3 Rfe8 22. Bxa7 Rb7 23. Bd4 c5 24. Bf2 Be2 25. Nxe2 Ng4 26. Ng3 Nxf2 27. Rxf2 Bh4 28. Rc2 Bxg3 29. hxg3 Rc7 30. Rac1 Rec8 31. b4 g5 32. Rxc5 f6 33. Rxc7 Rxc7 34. Rxc7 h5 35. b5 1-0

[Event "27th Klatovy B 2019"]
[Site "Klatovy CZE"]
[Date "2019.06.30"]
[Round "2.60"]
[White "Pasek, Josef"]
[Black "Kadlec, Rudolf"]
[Result "1-0"]
[WhiteElo "1067"]
[BlackElo "1400"]
[PlyCount "69"]
[EventDate "2019.06.29"]
[EventType "swiss"]
[EventRounds "9"]
[EventCountry "CZE"]

1. d4 Nf6 2. c4 e5 3. d5 Bc5 4. Nf3 Ng4 5. e3 d6 6. Nc3 Bb4 7. Qa4+ Qd7 8. Qxb4 O-O 9. h3 c5 10. Qb5 Qxb5 11. Nxb5 Nf6 12. Nc7 Na6 13. Nxa8 b6 14. Nxb6 axb6 15. Be2 Nb4 16. O-O Nc2 17. Rb1 Nb4 18. Bd2 Na6 19. a3 Re8 20. e4 Nxe4 21. Bd3 Nf6 22. Bc2 Bd7 23. b4 Rb8 24. b5 Nc7 25. a4 Na8 26. a5 Rb7 27. axb6 Nxb6 28. Bb3 h6 29. Ba5 Na8 30. Bc2 Ne8 31. b6 Bc8 32. Ba4 Nf6 33. Bc6 Rb8 34. b7 Bd7 35. bxa8=Q 1-0